| Поле | Инд. | ПП | Название | Значение |
|---|---|---|---|---|
| Тип записи | a | |||
| Библиографический уровень | m | |||
| 001 | Контрольный номер | 38a31350-54bb-4bdd-983d-5b53961d2afc | ||
| 005 | Дата корректировки | 20140703160232.1 | ||
| 008 | Кодируемые данные | 070907 | ||
| 020 | a | ISBN | 978-5-9221-0782-2 | |
| c | Цена, тираж | 665.00 | ||
| 040 | a | Служба первич. каталог. | НБ ТвГУ | |
| 041 | a | Код языка текста | rus | |
| 080 | a | Индекс УДК | 519.83(075.8) | |
| a | Индекс УДК | 368.025.6(075.8) | ||
| 084 | a | Индекс другой классификации/Индекс ББК | В183.2я73-1 | |
| a | Индекс другой классификации/Индекс ББК | У271-09я73-1 | ||
| 090 | x | Авторский знак | К68 | |
| a | Полочн. индекс | В183.2 | ||
| 100 | 1_ | a | Автор | Королев Виктор Юрьевич |
| 245 | 10 | a | Заглавие | Математические основы теории риска |
| b | Продолж. заглавия | учеб.пособие для студентов вузов, обучающихся по специальности 010200 "Прикладная математика и информатика" и по направлению 510200 "Прикладная математика и информатика" | ||
| c | Ответственность | В. Ю. Королев, В. Е. Бенинг, С. Я. Шоргин | ||
| 260 | 0_ | a | Место издания | Москва |
| b | Издательство | ФИЗМАТЛИТ | ||
| c | Дата издания | 2007 | ||
| 300 | a | Объем | 542 с. | |
| 440 | a | Серия | Математика и прикладная математика | |
| 504 | a | Библиография | Библиогр.: с. 521-542. | |
| 583 | a | Действие | Получение впервые 216 07.09.2007 | |
| k | Исполнитель действия | ОАО "БИБКОМ" | ||
| 583 | a | Действие | Приписка 51 14.03.2008 | |
| k | Исполнитель действия | ООО "Физматлит" | ||
| 650 | a | Основная рубрика | Операций исследование | |
| 650 | a | Основная рубрика | Риски | |
| x | Основная подрубрика | Математическая теория | ||
| x | Основная подрубрика | Учебники для вузов | ||
| 650 | a | Основная рубрика | Страхование | |
| x | Основная подрубрика | Математические методы | ||
| 650 | a | Основная рубрика | Страховые риски | |
| 653 | a | Ключевые слова | Теория риска | |
| a | Ключевые слова | Математическая теория риска | ||
| a | Ключевые слова | Страхование | ||
| a | Ключевые слова | Риски | ||
| a | Ключевые слова | Страховые риски | ||
| 700 | 1_ | a | Другие авторы | Бенинг Владимир Евгеньевич |
| e | Роль лиц | авт. | ||
| 700 | 1_ | a | Другие авторы | Шоргин Сергей Яковлевич |
| e | Роль лиц | авт. | ||
| 852 | t | Порядковый номер экземпляра | 18 | |
| p | Инвентарный номер | 883665 | ||
| p | Инвентарный номер | 883666 | ||
| p | Инвентарный номер | 883667 | ||
| p | Инвентарный номер | 883668 | ||
| p | Инвентарный номер | 883669 | ||
| p | Инвентарный номер | 903881 481.80 | ||
| p | Инвентарный номер | 903882 481.80 | ||
| p | Инвентарный номер | 903883 481.80 | ||
| p | Инвентарный номер | 903884 481.80 | ||
| p | Инвентарный номер | 903885 481.80 | ||
| p | Инвентарный номер | 903886 481.80 | ||
| p | Инвентарный номер | 903887 481.80 | ||
| p | Инвентарный номер | 903888 481.80 | ||
| p | Инвентарный номер | 903889 481.80 | ||
| p | Инвентарный номер | 903890 481.80 | ||
| p | Инвентарный номер | 903891 481.80 | ||
| p | Инвентарный номер | 903892 481.80 | ||
| p | Инвентарный номер | 903893 481.80 | ||
| 863 | t | 00180083 | ||
| 863 | t | 00180084 | ||
| 863 | t | 00180085 | ||
| 863 | t | 00180086 | ||
| 863 | t | 00180087 | ||
| 863 | t | 00219539 | ||
| 863 | t | 00219540 | ||
| 863 | t | 00219541 | ||
| 863 | t | 00219542 | ||
| 863 | t | 00219543 | ||
| 863 | t | 00219544 | ||
| 863 | t | 00219545 | ||
| 863 | t | 00219546 | ||
| 863 | t | 00219547 | ||
| 863 | t | 00219548 | ||
| 863 | t | 00219549 | ||
| 863 | t | 00219550 | ||
| 863 | t | 00219551 | ||
| 888 | a | За счет средств университета | ||
| 930 | a | Новая/Ретро | учебники | |
| 952 | p | 216.2007 665.00 1 883665 | ||
| p | 216.2007 665.00 1 883666 | |||
| p | 216.2007 665.00 1 883667 | |||
| p | 216.2007 665.00 1 883668 | |||
| p | 216.2007 665.00 1 883669 | |||
| p | 51.2008 481.80 1 903881 | |||
| p | 51.2008 481.80 1 903882 | |||
| p | 51.2008 481.80 1 903883 | |||
| p | 51.2008 481.80 1 903884 | |||
| p | 51.2008 481.80 1 903885 | |||
| p | 51.2008 481.80 1 903886 | |||
| p | 51.2008 481.80 1 903887 | |||
| p | 51.2008 481.80 1 903888 | |||
| p | 51.2008 481.80 1 903889 | |||
| p | 51.2008 481.80 1 903890 | |||
| p | 51.2008 481.80 1 903891 | |||
| p | 51.2008 481.80 1 903892 | |||
| p | 51.2008 481.80 1 903893 | |||
| c | Вид литературы | К ру | ||
| 954 | a | Дата поступления на обработку | 20071009 | |
| 999 | a | Подразделение 2 | Фил3 |